Revista franciscana : revista de cultura espiritual franciscana revista de cultura espiritual franciscana
Descripción Física:
1 volum : il·lustracions, periodicitat mensual ; 25 cm
MARC
| LEADER | 00000nam a2200000Ia 4500 | ||
|---|---|---|---|
| 001 | 14507 | ||
| 003 | AGDB | ||
| 005 | 20260324175352.0 | ||
| 008 | 160829s9999 xx 000 0 cat d | ||
| 040 | |a agdb |b cat | ||
| 245 | 0 | 0 | |a Revista franciscana : |b revista de cultura espiritual franciscana |
| 260 | |a Barcelona : |b PP. Franciscanos de Cataluña, |c 1873-1968 | ||
| 300 | |a 1 volum : |b il·lustracions, periodicitat mensual ; |c 25 cm | ||
| 500 | |a Descripció feta a partir de: Año LXX, septiembre 1873 | ||
| 500 | |a Periodicitat mensual | ||
| 500 | |a De 1913 a 1936 es va editar a Vic. | ||
| 590 | |a Mensual. | ||
| 590 | |a Descripció basada en: 2a época, año [70], no. 3 (sept. 1943). | ||
| 590 | |a Altre subtítol: órgano de la Comisaría Provincial de la Tercera Orden Franciscana | ||
| 650 | |a Vida cristiana |9 29948 | ||
| 650 | 0 | |a Monaquisme |9 54511 | |
| 655 | 0 | |9 55823 |a Revistes | |
| 942 | |n 1 |2 udc |c REV | ||
| 952 | |0 0 |1 0 |4 0 |7 1 |9 45182 |a Arxiu |b Arxiu |d 2016-12-01 |h Año 70, núm. 3 (septiembre 1943) - Año 71, núm. 18 (diciembre 1944) |o Rev-476 |p 14507 |r 2016-12-01 00:00:00 |w 2016-12-01 |y ARXIU | ||
| 999 | |c 48253 |d 48253 | ||